000 00665nam a2200229 i 4500
001 133552
003 ES-MaACL
005 20230906194440.0
007 t|
008 070821s1995 fr ||||1| fre d
020 _a2-221-06901-3
080 _a725.822(44)
245 0 3 _aLe Grand Guignol
_b: le théâtre des peurs de la belle époque.
260 _aParis :
_bRobert Laffont,
_c[1995]
300 _a1435 p. :
_bil. ;
_c20 cm.
490 1 _aBouquins
500 _aBiblioteca Jacinto Martínez Lacalle.
650 1 4 _aThéâtre Grand Guignol(Paris)
_9186937
830 0 _aBouquins
_9184870
852 _aES-MaACL
_jE-11979
_bR.139867
999 _c133552
_d133552